000 00328nam a2200145Ia 4500
003 OSt
008 191201s2013 xx 000 0 und d
082 _a004.21
_bRAC
100 _aRAO,P.N.
245 0 _aComputer aided manufacturing
260 _aNew Delhi
_bTMH
_c2013
300 _a417
650 _aB.Tech(ME)
942 _2ddc
_cBK
999 _c6271
_d6271